000 00539 a2200169 4500
999 _c1203
_d1203
020 _a9781856178181
050 _aGT3401 EVE 2012
100 _aGlenn A.J. Bowdin [and others]
_eauthors
245 _aEvents management /
_cGlenn A.J. Bowdin [and others]
264 _aLondon:
_bRoutledge,
_c2012
300 _a739p.
440 _aEvents management series
500 _aIncludes bibliographical references and index
650 _aSpecial events
_xManagement
700 _aBowdin, G. A. J
_eauthor
942 _2lcc
_cBK
_e3rd ed.
_h3405
_iEVE
_kGT